Страны-Гости На Параде Победы - Statistics

General Stats
  • This quiz has been taken 396 times
  • The average score is 41 of 73
Answer Stats
Годы Страна % Correct
1995, 2005 Украина
90%
2020, 2023 Беларусь
89%
1995, 2005, 2010, 2020 Германия
87%
1995, 2005, 2010, 2015, 2016, 2019, 2020, 2023 Казахстан
86%
1995, 2005, 2010, 2015, 2020 Китай
85%
1995, 2005, 2020 Франция
85%
1995, 2005 Соединëнные Штаты Америки
85%
1995, 2005, 2010, 2015, 2020, 2023 Армения
79%
2010, 2015, 2018, 2020 Сербия
79%
2005, 2010 Латвия
77%
1995, 2005, 2020, 2023 Узбекистан
77%
1995, 2005 Испания
76%
1995, 2005, 2010 Польша
76%
1995, 2005, 2010, 2015, 2020 Азербайджан
75%
1995, 2005 Великобритания
75%
1995, 2005 Италия
73%
1995, 2005, 2010, 2015, 2020, 2021, 2023 Таджикистан
73%
2010 Эстония
73%
1995, 2005 Канада
72%
1995, 2005 Япония
72%
1995 Грузия
71%
1995 Швеция
70%
1995, 2005 Финляндия
69%
1995, 2005 Турция
67%
1995, 2005, 2017, 2020 Молдова
66%
1995 Норвегия
66%
1995, 2010 Словакия
66%
1995, 2005, 2020 Венгрия
65%
1995, 2005, 2015, 2020 Индия
65%
1995, 2005, 2010, 2015, 2020, 2023 Киргизия
65%
1995, 2005, 2010, 2020 Чехия
65%
1995, 2010 Болгария
64%
2005 Австрия
63%
2015 Северная Корея
63%
1995 Португалия
62%
1995, 2005 Румыния
62%
1995, 2005, 2010 Словения
61%
1995, 2005 Греция
60%
1995 Бельгия
59%
1995, 2005 Южная Корея
59%
1995 Австралия
56%
1995, 2015, 2020 Египет
54%
1995, 2005 Нидерланды
54%
1995, 2005 Хорватия
54%
1995, 2005, 2015, 2020 Босния и Герцеговина
53%
1995, 2005 Дания
53%
1995 Швейцария
53%
1995, 2005 Албания
51%
1995, 2005, 2010, 2015 Монголия
49%
2010 Черногория
48%
1995, 2005 Ирландия
47%
1995, 2005 Люксембург
46%
1995, 2005, 2010, 2018 Израиль
42%
1995 Исландия
42%
1995 Андорра
38%
2020 Алжир
37%
1995, 2010, 2015 Северная Македония
37%
1995 Лихтенштейн
36%
2015 Южно-Африканская Республика
36%
1995, 2010, 2015 Вьетнам
35%
1995, 2005, 2010, 2015, 2020 Туркмения
33%
2015 Куба
31%
1995 Монако
30%
1995, 2005, 2010, 2015 Кипр
29%
2020 Индонезия
28%
1995 Мальта
26%
2005 Сербия и Черногория
24%
1995 Новая Зеландия
23%
1995 Югославия
23%
2015, 2020 Венесуэла
20%
1995 Ливан
12%
2020 Мьянма
11%
2015 Зимбабве
5%
No matching quizzes found
Score Distribution
Percent of People with Each Score
Percentile by Number Answered
Your Score History
You have not taken this quiz